000 01166nam a2200301Ia 4500
001 ebr10538773
003 CaPaEBR
006 m u
007 cr cn|||||||||
008 120320s2012 inu s 001 0 eng d
020 _z9781118285589
020 _z9781118148624
040 _aCaPaEBR
_cCaPaEBR
035 _a(OCoLC)787845669
050 1 4 _aTK5105.5
_b.F47 2012eb
100 1 _aFerguson, Bill H.
245 1 0 _aCompTIA network+ review guide
_h[electronic resource] :
_bExam N10-005 /
_cBill Ferguson.
250 _a2nd ed.
260 _aIndianapolis, IN :
_bWiley Pub., Inc.,
_c2012.
300 _axxxix, 241 p.
500 _aIncludes index.
533 _aElectronic reproduction.
_bPalo Alto, Calif. :
_cebrary,
_d2011.
_nAvailable via World Wide Web.
_nAccess may be limited to ebrary affiliated libraries.
650 0 _aComputer networks
_vExaminations, questions, etc.
650 0 _aElectronic data processing personnel
_xCertification.
655 7 _aElectronic books.
_2local
710 2 _aebrary, Inc.
856 4 0 _uhttp://site.ebrary.com/lib/rucke/Doc?id=10538773
_zAn electronic book accessible through the World Wide Web; click to view
999 _c133943
_d133943